Manual de perdedores 2 /

Guardado en:
Autor Principal: Sasturain, Juan
Formato: Libro
Publicado: Buenos Aires : Legasa, 1987
Series:Omnibus
Materias:
Etiquetas: Agregar Etiqueta
Sin Etiquetas, Sea el primero en etiquetar este registro!
LEADER 00627nam a22002295a 4500
001 CEM.cems005850
005 20101213120349.0
008 130507s1987##################000#0#####d
003 CEMS
020 |a 9506000972 
082 0 4 |a A863.4 
100 1 |a Sasturain, Juan 
245 1 0 |a Manual de perdedores 2 /  |c Juan Sasturain 
260 |a Buenos Aires :  |b Legasa,  |c 1987 
300 |a 249 p. 
490 0 |a Omnibus 
653 |a Literatura 
653 |a Literatura argentina 
653 |a Novelas 
653 |a Novela argentina-siglo 20 
653 |a Novela juvenil 
859 |a CEMS  |b BIB. CEMS - 11 de abril  |h A863.4  |i Sa78  |p 15297.88  |t Ej.1  |v 2  |3 2